000 00404nam a2200157Ia 4500
008 221030s9999 xx 000 0 und d
020 _a8170145929
041 _aEnglish
082 _a105.23
_bPra
100 _aL. M. Prasad
245 0 _aPrinciples & Practice of Management
_cby L. M. Prasad
260 _bSultan Chand &Sons
_aNew Delhi
_c2001
300 _a690
650 _aBE Management
942 _cBK
999 _c7489
_d7489